000
00409nam a22001697a 4500
003
MPLRDC
005
20220104143209.0
008
210129b ||||| |||| 00| 0 eng d
082
_a
909.8 LKJ-2
100
_a
崔开宏,刘米娜编著
245
_a
雕塑家刘开渠
_c
250
_a
一版一刷
260
_a
_b
湖南美术出版社
_c
1985
300
_b
平
650
_a
942
_c
BK
_o
909.8 LKJ-2
999
_c
37556
_d
37546